Zoología /
Guardado en:
| Autor Principal: | |
|---|---|
| Formato: | Libro |
| Publicado: |
Buenos Aires :
Troquel,
1976
|
| Edición: | 13 |
| Etiquetas: |
Agregar Etiqueta
Sin Etiquetas, Sea el primero en etiquetar este registro!
|
| LEADER | 00408nam a22001575a 4500 | ||
|---|---|---|---|
| 001 | CEM.cems005782 | ||
| 005 | 20060214000000.0 | ||
| 008 | 130507s1976##################000#0#####d | ||
| 003 | CEMS | ||
| 082 | 0 | 4 | |a 591 |
| 100 | 1 | |a Santos Lara, José Angel Dos | |
| 245 | 1 | 0 | |a Zoología / |
| 250 | |a 13 | ||
| 260 | |a Buenos Aires : |b Troquel, |c 1976 | ||
| 300 | |a 3391 | ||
| 859 | |a CEMS |b BIB. CEMS - 11 de abril |h 591 |i Sa59a13 |p 14411.87 |t Ej.1 | ||
